000 00612nam a2200205 i 4500
001 83710
003 ES-MaACL
005 20230906174858.0
007 t|
008 041118s1981 sp ||||1| spa d
100 1 _aJardiel Poncela, Enrique.
_966113
245 1 3 _aLa tournée de Dios /
_cEnrique Jardiel Poncela.
250 _a[1ª ed.].
260 _a[Esplugues de Llobregat] :
_bPlaza & Janés,
_c[1981]
300 _a316 p. :
_bil. ;
_c18 cm.
490 1 _aAl monigote de papel ;
_v7
830 0 _aAl monigote de papel ;
_v7
_9181405
852 _aES-MaACL
_jC-40596
_bR.101409
999 _c83710
_d83710